[Event "Thursday Knighter VIII: PREMIER"]
[Site "Minneapolis, MN"]
[Date "2018.08.23"]
[Round "4.1"]
[White "Britt, Thomas"]
[Black "Gibbins, Wilson"]
[Result "1/2-1/2"]
[WhiteElo "1460"]
[BlackElo "1018"]

1. d4 Nf6 2. c4 e6 3. Nf3 Bb4+ 4. Bd2 Qe7 5. g3 Nc6 6. Bg2 Bxd2+ 7. Nbxd2 d6
8. O-O O-O 9. e4 e5 10. d5 Nb8 11. Ne1 a5 12. Nd3 Na6 13. b3 c6 14. Qe2 Bd7
15. Rfc1 cxd5 16. cxd5 Bb5 17. Nc4 Bxc4 18. Rxc4 Nd7 19. Bh3 Ndc5 20. Nxc5
Nxc5 21. Rb1 Rfb8 22. Qe3 b6 {#d} 1/2-1/2

[Event "Thursday Knighter VIII: PREMIER"]
[Site "Minneapolis, MN"]
[Date "2018.08.23"]
[Round "4.2"]
[White "Voje, Daniel"]
[Black "Newhall, Peter"]
[Result "0-1"]
[WhiteElo "1638"]
[BlackElo "1067"]

1. e4 c5 2. Nf3 g6 3. d4 cxd4 4. Nxd4 Nc6 5. Be3 Bg7 6. c3 Nf6 7. Bd3 O-O 8.
f4 d5 9. e5 Ng4 10. Bg1 f6 11. h3 Nh6 12. Nxc6 bxc6 13. Qe2 Bf5 14. Bd4 Bxd3
15. Qxd3 Qc7 16. exf6 Bxf6 17. g3 e5 18. Bc5 Be7 19. Bxe7 Qxe7 20. O-O Qc5+
21. Rf2 exf4 22. g4 Rae8 23. Nd2 Re3 24. Qf1 g5 25. Nb3 Qe7 26. Nd4 c5 27. Nf3
Re8 28. Rd1 Rd8 29. Qa6 Nf7 30. Qb5 Ne5 31. Nxe5 Rxe5 32. Kg2 Re3 33. Kh2 Qd6
34. Rg1 Qh6 35. Qf1 Rde8 36. Rf3 Qh4 37. Rg2 Kg7 38. Rd2 Qe1 39. Qxe1 Rxe1 40.
Rff2 R8e5 41. b4 cxb4 42. cxb4 Rb1 43. Rb2 Rxb2 44. Rxb2 d4 45. a4 d3 46. Kg2
Kf7 47. b5 Ke7 48. a5 Kd7 49. Rb4 Rd5 50. b6 axb6 {#R} 0-1

[Event "Thursday Knighter VIII: PREMIER"]
[Site "Minneapolis, MN"]
[Date "2018.08.23"]
[Round "4.3"]
[White "Wasserman, Eddie"]
[Black "Hoover, Nathan"]
[Result "1/2-1/2"]
[WhiteElo "1928"]
[BlackElo "1979"]

1. e4 e5 2. Nf3 Nc6 3. c3 d5 4. Qa4 dxe4 5. Nxe5 Qd5 6. Nxc6 bxc6 7. Bc4 Qd6
8. O-O Nf6 9. d3 exd3 10. Bf4 Qd7 11. Rd1 Bd6 12. Rxd3 O-O 13. Nd2 Rd8 14. Nf3
Qe8 15. Re1 Be6 16. Bxd6 cxd6 17. Bxe6 fxe6 18. Nd4 e5 19. Qxc6 Qf7 20. Nf5
Qe6 21. Nxd6 Qxa2 22. Red1 Qe6 23. h3 h6 24. b4 Kh7 25. b5 Rf8 26. c4 Rab8 27.
c5 Qa2 28. R1d2 Qa5 29. Qa6 Qxa6 30. bxa6 Rb1+ 31. Rd1 Rb2 32. c6 Rc2 33. Nb5
Rxc6 34. Rd6 Rc2 35. Re1 Rc5 36. Nxa7 Ra8 37. Rc6 Ra5 38. Nc8 R5xa6 39. Rxa6
Rxa6 40. Rxe5 Ra2 41. Nd6 Rd2 42. Nf5 Kg6 43. g4 Rd7 44. Kg2 Kh7 45. Kg3 g6
46. Nh4 Kg7 47. Nf3 Nd5 48. Re2 Nf6 49. Ne5 Rc7 50. Re3 Nd5 51. Rd3 Rc3 52.
Rxc3 Nxc3 53. f4 Ne4+ 54. Kf3 Nd6 55. h4 Kf6 56. Nd7+ Ke7 57. Nc5 Nc4 58. Ke4
Nd2+ 59. Kd5 Nf1 60. Ke5 Nh2 61. g5 Nf3+ 62. Ke4 Nxh4 63. gxh6 Kf7 64. Nd7 Nf5
65. Ne5+ Kf6 66. Nxg6 Kxg6 67. h7 Ng3+ 68. Kf3 Kxh7 69. Kxg3 Kg6 70. Kg4 Kf6
71. f5 Kf7 72. Kg5 Kg7 73. f6+ Kf7 74. Kf5 Kf8 75. Ke6 Ke8 76. f7+ Kf8 77. Kf6
{#d} 1/2-1/2

[Event "Thursday Knighter VIII: PREMIER"]
[Site "Minneapolis, MN"]
[Date "2018.08.23"]
[Round "4.4"]
[White "Boardman, Larry"]
[Black "Mulligan, Toma"]
[Result "1-0"]
[WhiteElo "1909"]
[BlackElo "2008"]

1. e4 c5 2. Nf3 e6 3. d4 cxd4 4. Nxd4 Nf6 5. Nc3 d6 6. Be2 a6 7. O-O Nc6 8.
Be3 Be7 9. f4 Qc7 10. a4 b6 11. Nxc6 Qxc6 12. e5 dxe5 13. fxe5 Nd5 14. Bf3 Bb7
15. Qd3 Bc5 16. Nxd5 exd5 17. Rfd1 Rd8 18. c4 {#r} 1-0

[Event "Thursday Knighter VIII: PREMIER"]
[Site "Minneapolis, MN"]
[Date "2018.08.23"]
[Round "4.5"]
[White "Timm, Jordan"]
[Black "Wisniewski, Vincent"]
[Result "1-0"]
[WhiteElo "1902"]
[BlackElo "1432"]

1. e4 Nf6 2. e5 Nd5 3. c4 Nb6 4. c5 Nd5 5. d4 d6 6. cxd6 exd6 7. Bc4 Nb6 8.
Bb3 dxe5 9. Nf3 Bb4+ 10. Bd2 Bxd2+ 11. Qxd2 O-O 12. Nxe5 Nc6 13. Nxc6 bxc6 14.
O-O Bf5 15. Nc3 Qf6 16. Qf4 Rad8 17. Rad1 Rd6 18. Rfe1 Qg6 19. Re7 Nd5 20.
Nxd5 cxd5 21. Rxc7 a6 22. Re1 Re6 23. Rec1 Re4 24. Qd2 Bh3 25. g3 Be6 26. Bc2
Bh3 27. f3 f5 28. fxe4 fxe4 29. Bb3 Qf6 30. Bxd5+ Kh8 31. Qf4 Qxd4+ 32. Kh1
Qb4 33. Rxg7 Bg2+ 34. Kxg2 Qxb2+ 35. Kh3 Qxg7 36. Rc7 Qf6 37. Qxf6+ Rxf6 38.
Rc8+ Kg7 39. Rg8+ Kh6 40. Bxe4 a5 41. g4 Rf2 42. Kg3 Rf7 43. g5+ Kh5 44. Bf3+
Rxf3+ 45. Kxf3 a4 46. Kf4 a3 47. Rg7 h6 48. Kf5 hxg5 49. Rh7# 1-0

[Event "Thursday Knighter VIII: OPEN"]
[Site "Minneapolis, MN"]
[Date "2018.08.23"]
[Round "4.7"]
[White "Heinisch, Steven"]
[Black "Juntunen, Steven"]
[Result "1-0"]
[WhiteElo "1300"]
[BlackElo "2133"]

1. e4 e5 2. Nf3 Nc6 3. Bc4 Nf6 4. Ng5 d5 5. exd5 Na5 6. d3 h6 7. Nf3 Nxc4 8.
dxc4 e4 9. Nd4 Qe7 10. O-O Bg4 11. f3 Bh5 12. Re1 O-O-O 13. Nc3 Re8 14. Be3
Qb4 15. Rb1 Qxc4 16. Qe2 Qxe2 17. Rxe2 exf3 18. Nxf3 a6 19. Rbe1 Bb4 20. Bd4
Rxe2 21. Rxe2 Re8 22. Rxe8+ Nxe8 23. Ne5 f6 24. Nd3 Bf8 25. Bc5 Bxc5+ 26. Nxc5
Bd1 27. Nxd1 Nd6 28. Nc3 f5 29. Kf2 g5 30. Kf3 Kd8 31. Ne6+ Kd7 32. Nd4 Nc4
33. Nxf5 Ne5+ 34. Ke4 Ng4 35. h3 Nf6+ 36. Ke5 Nh5 37. Nxh6 Nf4 38. Ne4 Nxg2
39. Nxg5 Ne3 40. c3 Nc4+ 41. Kd4 Nxb2 42. Nf5 Nd1 43. h4 Ke8 44. h5 Nf2 45. h6
Kf8 46. h7 c5+ 47. dxc6 {#r} 1-0

[Event "Thursday Knighter VIII: PREMIER"]
[Site "Minneapolis, MN"]
[Date "2018.08.30"]
[Round "5.1"]
[White "Boardman, Larry"]
[Black "Britt, Thomas"]
[Result "0-1"]
[WhiteElo "1909"]
[BlackElo "1460"]

1. e4 c5 2. Nf3 d6 3. d4 cxd4 4. Nxd4 Nf6 5. Nc3 a6 6. Be2 e5 7. Nb3 Be7 8.
O-O Be6 9. f4 Qc7 10. Kh1 Nbd7 11. Be3 O-O 12. a4 Bc4 13. a5 Rac8 14. Rf2 b5
15. axb6 Nxb6 16. Bf3 Bb5 17. Nxb5 axb5 18. fxe5 dxe5 19. Bxb6 Qxb6 20. Rd2
Rc4 21. Qe2 Rfc8 22. h3 h6 23. Rad1 Qa7 24. Nc1 Qa8 25. Re1 Qc6 26. Nd3 Qc7
27. g3 Rd8 28. Kg2 Nh7 29. Kh2 Bg5 30. Red1 Bxd2 31. Rxd2 Ng5 32. Bg2 Ne6 33.
c3 Qd6 34. Rd1 Ra4 35. Bf1 b4 36. cxb4 Rxb4 37. Qh5 Rb7 38. Be2 Qd4 {#R} 0-1

[Event "Thursday Knighter VIII: PREMIER"]
[Site "Minneapolis, MN"]
[Date "2018.08.30"]
[Round "5.2"]
[White "Hoover, Nathan"]
[Black "Timm, Jordan"]
[Result "1-0"]
[WhiteElo "1979"]
[BlackElo "1902"]

1. e4 c6 2. d4 d5 3. e5 Bf5 4. Nc3 e6 5. g4 Bg6 6. Nge2 Bb4 7. h4 Be4 8. Rh3
h5 9. Ng3 Bxc2 10. Qxc2 hxg4 11. Rh1 Rxh4 12. Rg1 c5 13. Be3 Qa5 14. O-O-O Nc6
15. a3 Bxc3 16. Qxc3 Qxc3+ 17. bxc3 c4 18. Be2 f6 19. exf6 gxf6 20. Rh1 Rxh1
21. Rxh1 f5 22. Rh7 O-O-O 23. Nh5 Rd7 24. Rh8 Rd8 25. Bg5 Rf8 26. Nf6 Nce7 27.
Nxg4 Ng6 28. Rh7 fxg4 29. Rg7 Nf6 30. Rxg6 Ne4 31. Bxg4 Nxc3 32. Bxe6+ Kb8 33.
Be3 Rd8 34. Kc2 Nb5 35. a4 Nc7 36. Bf4 Rf8 37. Bg3 a6 38. Rg7 Ka7 39. Rxc7 Re8
40. Bxd5 Re2+ 41. Kc3 Re5 42. Rxb7+ Ka8 43. Bxe5 a5 44. Rh7# 1-0

[Event "Thursday Knighter VIII: PREMIER"]
[Site "Minneapolis, MN"]
[Date "2018.08.30"]
[Round "5.3"]
[White "Mulligan, Toma"]
[Black "Buyukdag, Yusuf"]
[Result "0-1"]
[WhiteElo "2008"]
[BlackElo "1102"]

1. d4 Nf6 2. c4 e6 3. Nf3 c5 4. d5 exd5 5. cxd5 d6 6. Nc3 Be7 7. e4 Bg4 8. Be2
O-O 9. O-O Na6 10. Be3 Nc7 11. Qc2 Bxf3 12. Bxf3 b5 13. Be2 Qd7 14. f3 b4 15.
Nb1 Rfc8 16. Nd2 Nb5 17. Qc4 Rab8 18. Nb3 Bd8 19. Kh1 a5 20. Nd2 a4 21. Qc2 a3
22. Bxb5 Rxb5 23. b3 Nh5 24. Qc4 Bf6 25. Rae1 Be5 26. f4 Bc3 27. Re2 Rbb8 28.
Nf3 Qg4 29. Ng5 h6 30. Nh3 Bd4 31. Bd2 Nf6 32. Nf2 Qh5 33. Rfe1 Bxf2 34. Rxf2
Ng4 35. Kg1 Nxf2 36. Kxf2 Qxh2 37. e5 Qh4+ 38. Kg1 Re8 39. e6 f5 40. Qa6 Qe7
41. Be3 Qb7 42. Qd3 Rf8 43. Bf2 Qe7 44. Bxc5 dxc5 45. d6 Rfd8 46. Qxf5 Rxd6
47. Qxc5 Rbb6 48. f5 Kf8 49. g3 Rdc6 50. Qe5 Qc5+ {#R} 0-1

[Event "Thursday Knighter VIII: PREMIER"]
[Site "Minneapolis, MN"]
[Date "2018.08.30"]
[Round "5.4"]
[White "Wisniewski, Vincent"]
[Black "Louie, Terry"]
[Result "1-0"]
[WhiteElo "1432"]
[BlackElo "1506"]

1. d4 Nf6 2. c4 g6 3. Nc3 c5 4. dxc5 Bg7 5. g3 O-O 6. Bg2 Qa5 7. Nf3 Qxc5 8.
O-O Qxc4 9. Bd2 d5 10. e3 Nc6 11. Rc1 e5 12. Re1 d4 13. Bf1 Qe6 14. exd4 Rd8
15. Bg5 h6 16. Bxf6 Qxf6 17. d5 Bg4 18. Be2 e4 19. Nd2 Bxe2 20. Qxe2 Nd4 21.
Qxe4 Qb6 22. Qb1 h5 23. Kg2 h4 24. Nf1 Qf6 25. f4 Bh6 26. Qe4 Kf8 27. Rcd1
Rac8 28. Qxd4 {#r} 1-0

[Event "Thursday Knighter VIII: OPEN"]
[Site "Minneapolis, MN"]
[Date "2018.08.30"]
[Round "5.4"]
[White "Landman, Kevin"]
[Black "Lothrop, Bill"]
[Result "1-0"]
[WhiteElo "1506"]
[BlackElo "1209"]

1. d4 Nf6 2. c4 e6 3. Nc3 Bb4 4. e3 Ne4 5. Nge2 Qf6 6. f3 Bxc3+ 7. bxc3 Nd6 8.
Ng3 b6 9. Bd3 Ba6 10. Qa4 c5 11. Ne4 Qe7 12. Nxd6+ Qxd6 13. Be4 cxd4 14. cxd4
Nc6 15. Ba3 Qc7 16. Qxa6 f5 17. Bxc6 Qxc6 18. Qb5 Qxb5 19. cxb5 Rc8 20. Kd2
Kf7 21. Rhc1 d5 22. Rc6 Rxc6 23. bxc6 Rc8 24. Rc1 a5 25. Bd6 b5 26. Rc5 a4 27.
Kc3 h5 28. c7 Ke8 29. Rxb5 {#r} 1-0

[Event "Thursday Knighter VIII: OPEN"]
[Site "Minneapolis, MN"]
[Date "2018.08.30"]
[Round "5.6"]
[White "Foote, Brendan"]
[Black "Juntunen, Steven"]
[Result "1-0"]
[WhiteElo "1142"]
[BlackElo "2133"]

1. d4 Nf6 2. c4 e6 3. Nc3 Bb4 4. Qc2 O-O 5. a3 Bxc3+ 6. Qxc3 d5 7. Nf3 dxc4 8.
Qxc4 b6 9. Bf4 Nd5 10. Bg3 Ba6 11. Qc2 Qd7 12. e4 Bxf1 13. Rxf1 Nf6 14. Rc1 c6
15. Ke2 Rc8 16. Rfd1 Qb7 17. Ne5 c5 18. f3 Nc6 19. dxc5 Nxe5 20. Bxe5 Rxc5 21.
Qd3 Ne8 22. Rxc5 bxc5 23. Qd7 Qa6+ 24. Qd3 c4 25. Qc3 f6 26. Bf4 e5 27. Be3
Rb8 28. Kf2 Qa4 29. Rc1 Nd6 30. Bc5 Nf7 31. Bb4 a5 32. Bxa5 Rb3 33. Qd2 Qb5
34. Bb4 Rd3 35. Qc2 Qb6+ 36. Kf1 Qd4 37. Qf2 Rd1+ 38. Rxd1 Qxd1+ 39. Qe1 Qd3+
40. Qe2 Qb1+ 41. Kf2 Qa2 42. Qd2 h5 43. Bc3 Qb3 44. Qd7 g5 45. a4 Qc2+ 46. Kg3
h4+ 47. Kh3 Qd3 48. Qxd3 cxd3 49. b4 Nd6 50. a5 Nb5 51. Bd2 Kf7 52. g3 hxg3
53. Kxg3 Ke6 54. Kf2 Kd6 55. Ke3 Kc6 56. Kxd3 Nd4 57. Bc3 Ne6 58. Be1 Nf4+ 59.
Ke3 Kb5 60. h4 gxh4 61. Kf2 h3 62. Kg3 Nd3 63. Bd2 h2 64. Kxh2 Nb2 65. Kg3 Nc4
66. Be1 Nd6 67. Kg4 Kc6 68. Kh5 Kd7 69. Kg6 Ke6 70. Bh4 f5 71. exf5+ Nxf5 72.
a6 Nxh4+ 73. Kh5 Nxf3 74. a7 Kf5 75. a8=Q Nd4 76. Qd5 Ne6 77. Qf3+ Nf4+ 78.
Kh4 e4 79. Qg4+ Ke5 80. Qg5+ Kd4 81. Qxf4 Kc4 82. Qxe4+ Kb3 {#r} 1-0

[Event "Thursday Knighter IX: PREMIER"]
[Site "Minneapolis, MN"]
[Date "2018.09.06"]
[Round "1.1"]
[White "Newhall, Peter"]
[Black "Zelkind, Eduard"]
[Result "1/2-1/2"]
[WhiteElo "1067"]
[BlackElo "2200"]

1. d4 Nf6 2. Nf3 e6 3. e3 b6 4. Bd3 Bb7 5. O-O Be7 6. c4 O-O 7. Nc3 d5 8. b3
Nbd7 9. Bb2 c5 10. Ne5 Re8 11. f4 Ne4 12. cxd5 exd5 13. Nxe4 dxe4 14. Bb5 Nxe5
15. dxe5 Qxd1 16. Rfxd1 {#d} 1/2-1/2

[Event "Thursday Knighter IX: PREMIER"]
[Site "Minneapolis, MN"]
[Date "2018.09.06"]
[Round "1.2"]
[White "Matus, Nastassja"]
[Black "Boardman, Larry"]
[Result "1/2-1/2"]
[WhiteElo "1645"]
[BlackElo "1918"]

1. d4 d5 2. c4 e6 3. g3 c5 4. cxd5 exd5 5. Bg2 Nf6 6. Nf3 Nc6 7. O-O Be7 8.
Nc3 O-O 9. dxc5 Bxc5 10. Bg5 d4 11. Bxf6 Qxf6 12. Ne4 Qe7 13. Nxc5 Qxc5 14.
Rc1 Qb6 15. Qc2 h6 16. Rfd1 Be6 17. b3 Rfd8 18. Rd2 Rd7 19. Rcd1 Rad8 20. Qe4
Qc5 {#d} 1/2-1/2

[Event "Thursday Knighter IX: PREMIER"]
[Site "Minneapolis, MN"]
[Date "2018.09.06"]
[Round "1.3"]
[White "Mulligan, Toma"]
[Black "Hoover, Nathan"]
[Result "0-1"]
[WhiteElo "2008"]
[BlackElo "1979"]

1. d4 d5 2. c4 e5 3. dxe5 d4 4. Nf3 c5 5. g3 Nc6 6. Bg2 Nge7 7. Bg5 Qc7 8. Bf4
Ng6 9. e6 Nxf4 10. exf7+ Qxf7 11. gxf4 Qxf4 12. Qd2 Qf6 13. Na3 Be7 14. O-O
O-O 15. Nc2 Bf5 16. Nce1 Rad8 17. Nd3 Be4 18. a3 a5 19. Nfe1 Qg6 20. Kh1 Bd6
21. Bxe4 Qxe4+ 22. f3 Qe6 23. Rf2 Qxc4 24. Qg5 Qf7 25. b3 h6 26. Qh4 Qxb3 27.
Rg2 Qe6 28. Rb1 Rf7 29. Rb5 c4 30. Nc5 Bxc5 31. Rxc5 Re8 32. Rh5 Kf8 33. f4 d3
34. Nf3 dxe2 35. Ne5 Nxe5 36. Rxe5 Qxe5 37. fxe5 Rf1+ 38. Rg1 e1=Q 39. Qxe1
Rxe1 40. Rxe1 Rc8 {#R} 0-1

[Event "Thursday Knighter IX: PREMIER"]
[Site "Minneapolis, MN"]
[Date "2018.09.06"]
[Round "1.4"]
[White "Hunt, Ethan"]
[Black "Buyukdag, Yusuf"]
[Result "0-1"]
[WhiteElo "1912"]
[BlackElo "1102"]

1. d4 Nf6 2. Nf3 e6 3. c4 c5 4. Nc3 cxd4 5. Nxd4 Bb4 6. g3 O-O 7. Bg2 e5 8.
Ndb5 a6 9. Qa4 Nc6 10. O-O Qb6 11. Be3 Bc5 12. Bxc5 Qxc5 13. Nc7 Rb8 14. N7d5
Nxd5 15. Bxd5 b5 16. cxb5 axb5 17. Qe4 Ba6 18. Rac1 Nd4 19. e3 Ne6 20. b4 Qd6
21. Rfd1 f5 22. Qb1 Qe7 23. Qb3 Kh8 24. Rd2 Ng5 25. h4 Ne6 26. Bxe6 dxe6 27.
Rcd1 f4 28. Ne4 fxg3 29. fxg3 Rf3 30. Rd7 Qf8 31. Qxe6 Bc8 32. Qxe5 Bxd7 33.
Rxd7 Re8 34. Qd4 Rxe4 35. Qxe4 Rxg3+ 36. Qg2 Rxg2+ 37. Kxg2 Qa8+ 38. Kg3 Qb8+
39. Kg2 Qe8 40. Rd4 Kg8 41. Kf3 Qf7+ 42. Rf4 Qxa2 43. Rf5 Qc4 44. Rf4 Qd5+ 45.
Kg3 h6 46. Kf2 Kh7 47. Kg3 g5 48. hxg5 Qxg5+ 49. Kf2 h5 {#R} 0-1

[Event "Thursday Knighter IX: PREMIER"]
[Site "Minneapolis, MN"]
[Date "2018.09.06"]
[Round "1.5"]
[White "Wisniewski, Vincent"]
[Black "Zagar, Dane"]
[Result "0-1"]
[WhiteElo "1432"]
[BlackElo "1972"]

1. d4 Nf6 2. c4 e6 3. Nc3 d5 4. Nf3 Be7 5. e3 O-O 6. Bd3 b6 7. cxd5 Nxd5 8.
Nxd5 exd5 9. Bd2 c5 10. Rc1 c4 11. Be2 b5 12. O-O Bf5 13. a3 Nc6 14. Ne5 Rc8
15. Nxc6 Rxc6 16. Qe1 Qb8 17. Bb4 Rh6 18. g3 Re8 19. Bxe7 Rxe7 20. Qb4 Rb7 21.
Bf3 Qd6 22. Qxd6 Rxd6 23. Rfd1 Kf8 24. Bg2 Bd3 25. Rc3 f5 26. b4 Ke7 27. Rd2
Be4 28. f3 Bd3 29. Bf1 Bxf1 30. Kxf1 Re6 31. Kf2 Kf6 32. h4 Rbb6 33. Rb2 Ra6
34. Ke1 Ra4 35. Kd1 Rea6 36. Ra2 Rxb4 37. Kc1 Rba4 38. Rb2 R6a5 39. g4 g6 40.
e4 fxe4 41. fxe4 dxe4 42. Rf2+ Ke6 43. g5 Rxa3 44. Rf6+ Ke7 45. Rxa3 Rxa3 46.
Rc6 Rc3+ 47. Kb2 Rb3+ 48. Kc2 e3 49. d5 Rd3 50. Rc7+ Kd6 51. Rxa7 Rxd5 52. Ra1
Ke5 53. Rf1 Ke4 54. Kc3 e2 55. Rg1 Rd1 {#R} 0-1

[Event "Thursday Knighter IX: OPEN"]
[Site "Minneapolis, MN"]
[Date "2018.09.06"]
[Round "1.5"]
[White "Landman, Kevin"]
[Black "Tordsen, Larry"]
[Result "0-1"]
[WhiteElo "1506"]
[BlackElo "1877"]

1. d4 Nf6 2. c4 g6 3. Nc3 Bg7 4. e4 d6 5. f3 O-O 6. Be3 e5 7. d5 Nbd7 8. b4
Nh5 9. Bd3 f5 10. Nge2 f4 11. Bf2 h6 12. Qb3 Ndf6 13. Nc1 g5 14. Be2 g4 15.
Nd3 gxf3 16. gxf3 Bh3 17. Kd2 Nh7 18. Rhg1 Ng5 19. c5 Bd7 20. b5 Nh3 21. Rg2
Nxf2 22. Rxf2 Kh7 23. c6 bxc6 24. bxc6 Bh3 25. Bf1 Bxf1 26. Raxf1 a6 27. Rg2
Rb8 28. Qa3 Qc8 29. Rfg1 Bf6 30. Nf2 Rb6 31. Na4 Rb5 32. Nb2 Qb8 33. Nfd3 Qb6
34. Nc4 Qa7 35. Qc3 Rbb8 36. Nf2 Bh8 37. Na5 Rg8 38. Nb7 Nf6 39. Ng4 Rg5 40.
Kd1 Rbg8 41. Qe1 Nxg4 42. fxg4 Qd4+ 43. Rd2 Qa4+ 44. Kc1 Rxg4 45. Rxg4 Rxg4
46. Nd8 f3 47. Ne6 Qa3+ 48. Kd1 Rg2 49. Rxg2 fxg2 50. Qf2 Qd3+ 51. Kc1 Qf1+
{#R} 0-1

[Event "Thursday Knighter IX: PREMIER"]
[Site "Minneapolis, MN"]
[Date "2018.09.13"]
[Round "2.1"]
[White "Hoover, Nathan"]
[Black "Buyukdag, Yusuf"]
[Result "1-0"]
[WhiteElo "1979"]
[BlackElo "1102"]

1. e4 c5 2. Nf3 Nc6 3. d4 cxd4 4. Nxd4 g6 5. c4 Bg7 6. Be3 Nf6 7. Nc3 O-O 8.
Be2 d6 9. O-O Nxd4 10. Bxd4 Be6 11. Rc1 Bh6 12. f4 Nd7 13. f5 Bxf5 14. exf5
Bxc1 15. Qxc1 Ne5 16. Qh6 Kh8 17. Ne4 Rg8 18. Ng5 Rg7 19. fxg6 f6 20. Bxe5
Qb6+ 21. c5 Qxc5+ 22. Kh1 dxe5 23. Qxg7+ Kxg7 24. Ne6+ Kxg6 25. Nxc5 {#r} 1-0

[Event "Thursday Knighter IX: PREMIER"]
[Site "Minneapolis, MN"]
[Date "2018.09.13"]
[Round "2.2"]
[White "Wasserman, Eddie"]
[Black "Britt, Thomas"]
[Result "1/2-1/2"]
[WhiteElo "1928"]
[BlackElo "1460"]

1. e4 c5 2. Nf3 d6 3. d4 cxd4 4. Nxd4 Nf6 5. Nc3 a6 6. Bg5 e6 7. f4 Be7 8. Qf3
Qc7 9. O-O-O Nbd7 10. Bd3 h6 11. Qh3 b5 12. a3 Nc5 13. Rhe1 Rg8 14. Bxf6 gxf6
15. Qxh6 Bd7 16. Qh5 Rf8 17. Nf3 O-O-O 18. Bf1 Kb8 19. h4 Rc8 20. Rd2 Bc6 21.
Nd4 Bd7 22. Qe2 Qb6 23. g4 Rh8 24. h5 Nb7 25. Nb3 Rcg8 26. Bg2 Bc6 27. Bf3 Bf8
28. Qh2 Bh6 29. Kb1 a5 30. Rg2 b4 31. axb4 axb4 32. Ne2 e5 33. Qh4 Qd8 34.
Reg1 exf4 35. Qh2 Qe7 36. Nxf4 Qe5 37. Nd3 Qxh2 38. Rxh2 Nc5 39. Nbxc5 dxc5
40. Rf1 Bf8 41. Rg2 Bb5 42. Rd1 Bxd3 43. Rxd3 Bh6 44. Rd6 Bg5 45. Rg1 Rd8 46.
Rgd1 Kc7 47. R6d5 Rxd5 48. Rxd5 Be3 49. Rf5 Bd4 50. c3 bxc3 51. bxc3 Be5 52.
Kc2 Kd6 53. Be2 Rh7 54. Kd3 Rh8 55. g5 fxg5 56. Rxg5 Rh6 57. Rg8 Ke7 58. Rc8
Kd6 59. Kc4 Rf6 60. Rxc5 Rf4 61. Rd5+ Ke6 62. Kd3 f5 63. Rxe5+ Kxe5 64. exf5
Kxf5 65. c4 Ke5 66. Kc3 Re4 67. Bd1 Re1 68. Ba4 Kd6 69. Bc2 Re3+ 70. Kb4 {#d}
1/2-1/2

[Event "Thursday Knighter IX: PREMIER"]
[Site "Minneapolis, MN"]
[Date "2018.09.13"]
[Round "2.3"]
[White "Boardman, Larry"]
[Black "Newhall, Peter"]
[Result "1/2-1/2"]
[WhiteElo "1918"]
[BlackElo "1067"]

1. e4 c5 2. Nf3 g6 3. d4 cxd4 4. Nxd4 Nc6 5. c4 Bg7 6. Nc2 Nf6 7. Nc3 O-O 8.
Be2 b6 9. O-O Bb7 10. Be3 Ne8 11. Qd2 Nd6 12. f3 f5 13. exf5 Nxf5 14. Bf2 Rc8
15. Rad1 Ne5 16. b3 e6 17. Ne4 d5 18. Qe1 Qe7 19. Ng3 Nd6 20. Nd4 dxc4 21.
bxc4 Ndxc4 22. Bxc4 Rxc4 23. Ne4 Nc6 24. Nb5 Rc2 25. Rd2 Rxd2 26. Qxd2 Rd8 27.
Qc2 Nb4 28. Qb1 Ba6 29. a4 Bxb5 30. axb5 Rd5 31. Rc1 Rxb5 32. Rc8+ Kf7 33. h4
h6 34. Bg3 Rd5 35. Rc7 Rd7 36. Rxd7 Qxd7 37. Qxb4 Qd1+ 38. Kh2 Bd4 39. Qe1 Qa4
40. Qc1 {#d} 1/2-1/2

[Event "Thursday Knighter IX: PREMIER"]
[Site "Minneapolis, MN"]
[Date "2018.09.13"]
[Round "2.5"]
[White "Wisniewski, Vincent"]
[Black "Mulligan, Toma"]
[Result "1-0"]
[WhiteElo "1432"]
[BlackElo "2008"]

1. d4 f5 2. Nc3 Nf6 3. Bg5 d5 4. f3 Nbd7 5. Nh3 e6 6. e4 Be7 7. Nf4 Nb6 8.
Bxf6 Bxf6 9. exf5 exf5 10. Be2 O-O 11. O-O Bg5 12. g3 Bxf4 13. gxf4 Qh4 14.
Qd2 Rf6 15. Rf2 Bd7 16. b3 Re8 17. Raf1 c6 18. Nd1 Rfe6 19. Nb2 Qf6 20. c3
Qg6+ 21. Kh1 Qh5 22. Nd3 Bc8 23. Ne5 Nd7 24. Bd3 Nxe5 25. fxe5 f4 26. Qxf4 Rf8
27. Qg3 Re7 28. Kg2 Bf5 29. Bxf5 Rxf5 30. f4 Re6 31. Kh1 Qf7 32. Rf3 Rh6 33.
R1f2 Kf8 34. Qg5 Ke8 35. Qg1 Rg6 36. Qf1 Rg4 37. c4 Qe6 38. Rg3 Rxg3 39. hxg3
Rh5+ 40. Rh2 Rxh2+ 41. Kxh2 Qf5 42. Qe2 h5 43. cxd5 h4 44. dxc6 hxg3+ 45. Kg2
bxc6 46. Qf3 Qc2+ 47. Kxg3 Qg6+ 48. Kh4 {#r} 1-0

[Event "Thursday Knighter IX: OPEN"]
[Site "Minneapolis, MN"]
[Date "2018.09.13"]
[Round "2.1"]
[White "Juntunen, Steven"]
[Black "Melander, Robert"]
[Result "0-1"]
[WhiteElo "2133"]
[BlackElo "1541"]

1. e4 c5 2. Nf3 Nc6 3. Bb5 g6 4. O-O Bg7 5. d3 Nf6 6. Bxc6 dxc6 7. Be3 b6 8.
c4 Nxe4 9. Qc2 Nf6 10. Rd1 Bg4 11. Nbd2 O-O 12. h3 Bf5 13. Ne4 Qc7 14. Nh4
Bxe4 15. dxe4 Qe5 16. f3 e6 17. Qc1 Rad8 18. Re1 Rd7 19. Bf4 Qd4+ 20. Be3 Qd6
21. Bf4 e5 22. Be3 Rfd8 23. g4 Qe6 24. Bg5 Rd4 25. b3 R8d7 26. Ng2 Rd3 27. Ne3
h6 28. Bh4 h5 29. Rd1 Rxd1+ 30. Nxd1 Qd6 31. Bg3 hxg4 32. hxg4 Nh7 33. Kf2
Qd4+ 34. Ne3 Bh6 35. Bxe5 Qxe5 36. Qe1 Qh2+ 37. Kf1 Rd3 38. Rd1 Rxe3 39. Rd8+
Nf8 40. Rd2 Rxe1+ 41. Kxe1 Qxd2+ {#R} 0-1

[Event "Thursday Knighter IX: OPEN"]
[Site "Minneapolis, MN"]
[Date "2018.09.13"]
[Round "2.4"]
[White "Wijetunge, Ivan"]
[Black "Landman, Kevin"]
[Result "1-0"]
[WhiteElo "2055"]
[BlackElo "1506"]

1. d4 Nf6 2. Bf4 g6 3. Nc3 Bg7 4. e4 d6 5. Qd2 Nbd7 6. Nf3 c5 7. Bh6 Bxh6 8.
Qxh6 cxd4 9. Nxd4 a6 10. a4 Qc7 11. Be2 b6 12. O-O Bb7 13. Bf3 Ne5 14. Rfe1
Nxf3+ 15. Nxf3 Qc5 16. h3 O-O-O 17. Ra3 Kb8 18. Ng5 Rdf8 19. Rb3 Ka7 20. Re2
Qc6 21. Ra3 d5 22. Nb5+ Kb8 23. Rc3 axb5 24. Rxc6 Bxc6 25. e5 Nh5 26. Nf3 Rhg8
27. Nd4 Bb7 28. axb5 Rc8 29. c3 Ng7 30. Qxh7 Nf5 31. Nxf5 gxf5 32. f3 d4 33.
Qxf5 dxc3 34. bxc3 Rg7 35. e6 f6 36. Qf4+ Rc7 37. Rd2 Kc8 38. Kh2 Rg5 39. Qh4
Rg8 40. Qd4 Rh8 41. Qxb6 Rd8 42. Rxd8+ Kxd8 43. Qd4+ Kc8 44. c4 {#r} 1-0

[Event "Thursday Knighter IX: PREMIER"]
[Site "Minneapolis, MN"]
[Date "2018.09.20"]
[Round "3.1"]
[White "Zagar, Dane"]
[Black "Hoover, Nathan"]
[Result "1/2-1/2"]
[WhiteElo "1972"]
[BlackElo "1979"]

1. d4 d5 2. c4 dxc4 3. e3 e5 4. Bxc4 exd4 5. Nf3 Nf6 6. O-O Be7 7. Qb3 O-O 8.
Nxd4 c5 9. Nf3 Nc6 10. Rd1 Qc7 11. Bd2 Bg4 12. Nc3 Na5 13. Nd5 Nxb3 14. Nxc7
Nxa1 15. Nxa8 Rxa8 16. Rxa1 Ne4 17. Ba5 Be6 18. Bxe6 fxe6 19. Bc7 Rc8 20. Be5
Rd8 21. Kf1 Rd5 22. Rc1 b5 23. Bb8 a6 24. Ne5 Rd2 25. f3 Nf6 26. Nc6 Bf8 27.
Be5 Nd5 28. Re1 Ne7 29. Bc3 Rc2 30. Nxe7+ Bxe7 31. Re2 {#d} 1/2-1/2

[Event "Thursday Knighter IX: PREMIER"]
[Site "Minneapolis, MN"]
[Date "2018.09.20"]
[Round "3.2"]
[White "Hunt, Ethan"]
[Black "Wasserman, Eddie"]
[Result "1-0"]
[WhiteElo "1912"]
[BlackElo "1928"]

1. e4 c6 2. d4 d5 3. e5 Bf5 4. Nd2 e6 5. Nb3 Nd7 6. Nf3 c5 7. dxc5 Nxc5 8.
Nxc5 Qa5+ 9. c3 Qxc5 10. Qa4+ Kd8 11. Be3 Qc7 12. Be2 Ne7 13. O-O Nc6 14. c4
Nxe5 15. cxd5 exd5 16. Rac1 Nxf3+ 17. Bxf3 Qd7 18. Qa5+ Ke8 19. Rc7 Qd8 20.
Re1 Be6 21. Qb5+ Bd7 22. Bc5+ Be7 23. Rxd7 {#r} 1-0